| 000 | 00938cab a2200337 4500 | ||
|---|---|---|---|
| 001 | ABS54506 | ||
| 008 | 090401t1996 xxu||||| |||| 00| 0 eng d | ||
| 035 | _a(Sirsi) u10871 | ||
| 041 | _aeng | ||
| 245 | _aEstates Times survey: Avon & Somerset | ||
| 260 | _c1996 | ||
| 350 | _a0 | ||
| 490 |
_aEstates Times _v(1311) 9 February 1996, 23-33(11) |
||
| 650 | _aAVON | ||
| 650 | _aBATH | ||
| 650 | _aBRISTOL | ||
| 650 | _aBROADMEAD | ||
| 650 | _aINFRASTRUCTURE PROJECTS | ||
| 650 | _aPROPERTY-COMMERCIAL PROPERTY-OFFICE PROPERTY-OFFICE PROPERTY MARKET | ||
| 650 | _aOFFICE RENTS | ||
| 650 | _aPROPERTY-COMMERCIAL PROPERTY-RETAIL PROPERTY-RETAIL PROPERTY MARKET | ||
| 650 | _aRPG10 | ||
| 650 | _aSOMERSET | ||
| 650 | _aTAUNTON | ||
| 650 | _aTEMPLE MEADS | ||
| 650 | _aTRANSPORT ISSUES | ||
| 650 | _aYEOVIL | ||
| 690 | _aPROPERTY-COMMERCIAL PROPERTY-COMMERCIAL PROPERTY MARKET | ||
| 942 | _n0 | ||
| 948 | _c04/03/1997 | ||
| 999 |
_c6921 _d6921 |
||